000 00785cam a22002651 4500
001 29815
003 BD-RjUL
005 20211209051450.0
008 140407r19591951enk 001 0 eng
035 _a(BD-RjUL)29900
040 _aDLC
_cDLC
_dBD-RjUL
_beng
041 _aeng
082 0 0 _a150.9
_bFLH 1959
100 1 _aFlugel, J. C.
_q(John Carl),
_d1884-1955.
_94162
245 1 2 _aA hundred years of psychology, 1833-1933 :
_bwith additional part on developments 1933-1947 /
250 _a2d ed.
260 _aLondon :
_bDuckworth,
_c1951 [Reprinted 1959].
300 _a424 p. ;
_c23 cm.
504 _aIncludes index.
650 0 _aPsychology
_xHistory.
_95500
942 _2ddc
_cBK
999 _c29815
_d29815